000 01019nam a22003251 4500
001 bimo0000635269
003 DO-SdBNP
005 20180125094146.0
008 900725s1962 sp spa
016 7 _a
_z
_2BPMSU
017 _a
_b
035 _a(OCoLC)
040 _aBPMSU
_bspa
_cBPMSU
080 0 _a
100 1 _aAymé, Marcel
_d1902-1967
245 1 0 _aAventuras de Delphine y Marinette /
_h
_cMarcel Aymé. Traducción de E. Tusquets ; Ilustraciones de Cesca Jaume
246 1 3 _aEl elefante
260 _aBarcelona :
_bLumen,
_c1962
_fGrafos
300 _a96 p. ;
_c19 cm
490 0 _aGrandes Autores para Niños
_vvol. 16
500 _a
505 0 _aEl elefante -- El asno y el caballo -- El pavo real
700 1 _aTusquets, Esther
_d1936-2012
700 1 _aJaume, Cesca
740 0 1 _aDelphine y Marinette, Aventuras de.
830 _aGrandes Autores para Niños
_v16
942 _2ddc
_cBK
945 _ainventariado, 2018 / dg
956 _a VMATEO
_b10
_c20170221
_dBPMSU
_f00069
999 _c12554
_d12554